| 000 | 01226nam a22002777a 4500 | ||
|---|---|---|---|
| 999 |
_c64237 _d64237 |
||
| 005 | 20240530110721.0 | ||
| 008 | 180326s2016 ua ah f 001 0dara d | ||
| 017 |
_a2015/8256 _bمصر. دار الكتب |
||
| 020 | _a9789779202297 | ||
| 040 |
_aEG-CaGPL _cEG-CaGPL |
||
| 082 | 0 | 4 |
_221 _a620.5 / _bد أ |
| 100 | 1 | _aدريكسلر، ك. اريك | |
| 245 | 1 | 0 |
_aحل الدولة الواحدة : _bانفراجة للسلام فى المسار الاسرائيلى الفلسطينى المغلق / _cتاليف ك. اريك دريكسلر، كريس بيترسون، جايل برجاميت ؛ ترجمة وتقديم رؤوف وصفى |
| 250 | _aط.1 | ||
| 260 |
_aالقاهرة : _bالمركز القومى للترجمة ، _c2016. |
||
| 300 |
_a411 ص. : _bايض ؛ _c24 سم. |
||
| 490 |
_aالمركز القومى للترجمة ؛ _v2773. |
||
| 650 | 0 | 7 |
_2qrmak _aالتكنولوجيا |
| 651 | _2qrmak | ||
| 653 | 0 | _aتكنولوجيا النانو | |
| 700 | 1 |
_aبيترسون، كريس _eمؤلف مشارك |
|
| 700 | 1 |
_aبرجاميت، جايل _eمؤلف مشارك |
|
| 700 | 0 |
_aرؤوف وصفى _eمترجم ومقدم |
|
| 942 |
_2ddc _cBK |
||